000 02125nam a2200193 a 4500
001 000047812
003 OSt
005 20201029103927.0
008 180817s2010 dr ac 000 0 spa d
040 _aDO-SdBNP
_bspa
_cBNPHU
082 _axxxx
_bxxxx
110 2 _aRepública Dominicana.
_bConsejo Nacional sobre Discapacidad
_975396
245 1 0 _aMemorias 2005-2010.
260 _aSanto Domingo :
_bConsejo Nacional sobre Discapacidad CONADIS,
_c2010.
300 _a83 p. :
_bil., retrs. ;
_c26 cm.
505 2 _aContexto y reseña institucional -- Situación de las personas con discapacidad a nivel mundial : la discapacidad en las Américas -- Caracterización de la población con discapacidad en la República Dominicana : Historia de la creación del CONADIS -- Estructura y composición del CONADIS -- Marco estratégico -- Buscando nuestra identidad -- Organigrama institucional -- Avances y logros gestión 2005-2010 -- Convención sobre los derechos de las personas con discapacidad en las República Dominicana --Convención Interamericana para la eliminación de todas las formas de discriminación contra las personas con discapacidad -- Plan de Acción del Decenio de las Américas : por los derechos y la dignidad de las personas con discapacidad de la República Dominicana 2006-2016 -- Comisión de exoneraciones -- Prevención y salud -- Diagnostico y valoración de discapacidad -- Protección social -- Accesibilidad universal -- Inserción laboral -- Integración educativa, deportiva, cultural y social -- Legal -- Relaciones públicas -- Publicaciones oficiales -- Acuerdos interinstitucionales --Fortalecimiento y desarrollo institucional -- Comisión de ética -- Oficina de libre acceso a la información -- Centro de documentación -- Cooperación técnica y fortalecimiento a las organizaciones del sector de la discapacidad -- Participación interinstitucional -- Cooperación técnica de instancias nacionales e internacionales -- Afiliaciones nacionales e internacionales -- Documento e investigaciones -- Gestión financiera 2005-2010.
590 _aInventariado, 2018/LP
942 _2ddc
_cLBS1
999 _c47300
_d47300